000 01182nam0a2200313 4500
001 RU\NLR\BIBL_A\012054809
005 20190807150839.0
010 _a978-5-91615-086-5
021 _aRU
_bКН-П-19-044026
_9КН-П-19-3221
035 _a(NLR Aleph) 012054809
035 _a(RuMoRGB)010012312
090 _a11670441
_c11670441
100 _a20190709d2019 u y0rusy50 ca
101 0 _arus
102 _aRU
105 _aachzzz0|000zb
200 1 _aАрхитектор Геппенер
_e[Москва вчера, сегодня, завтра]
_fС. Глод, Н. Некрасильникова
210 _aМосква
_cРОЛИКС
_d2019
215 _a95, [1] с.
_cил., цв. ил., портр., факс.
_d30
600 1 _aГеппенер
_bМ. К.
_gМаксим Карлович
_f1848 - 1924
_2nlr_sh2
_3RU\NLR\AUTH\6601659638
686 1 _aЩ113(2Р=Рус)53-8Геппенер
700 1 _aГлод
_bС.
701 1 _aНекрасильникова
_bН.
702 1 _aГеппенер
_bМ. К.
_f1848-1924
_gМаксим Карлович
_4570
942 _cBOOK
980 _aNBR
980 _aNB